Cuadernos de poesía hondureña 22 : antología /
Kaydedildi:
| Yazar: | |
|---|---|
| Diğer Yazarlar: | , , |
| Materyal Türü: | Bilinmiyor |
| Dil: | Spanish |
| Baskı/Yayın Bilgisi: |
Honduras
Secretaría de Cultura, Dirección General de Cultura
1991-
|
| Konular: | |
| Etiketler: |
Etiketle
Etiket eklenmemiş, İlk siz ekleyin!
|
MARC
| LEADER | 000000000a22000000004500 | ||
|---|---|---|---|
| 001 | 002228 | ||
| 008 | 200109b xxu||||| |||| 00| 0 spa d | ||
| 041 | 0 | |a español | |
| 082 | |a Ho861.08 |b C961c | ||
| 100 | 1 | |a Figueroa, Francisco P. |d 1882-1950 | |
| 245 | 1 | 0 | |a Cuadernos de poesía hondureña 22 : |b antología / |
| 260 | 1 | |a Honduras |b Secretaría de Cultura, Dirección General de Cultura |c 1991- | |
| 300 | |a volumenes | ||
| 500 | |a Título tomado de la cubierta | ||
| 650 | 4 | |a LITERATURA HONDUREÑA |9 50 | |
| 650 | 4 | |a POESIA |9 159 | |
| 650 | 4 | |a COLECCIONES | |
| 700 | 1 | 2 | |a Bustillo Reina, Guillermo |d 1898-1964 |
| 700 | 1 | 2 | |a Zelaya, Juanita |d 1908-1934 |
| 700 | 1 | 2 | |a Ramírez Lozano, Livio, |e coordordinador |
| 942 | |2 ddc |c BK | ||
| 999 | |c 3092 |d 3092 | ||
